000 01919nam a22003497a 4500
001 104420
003 KnowledgeUnlatched
005 20210303105125.0
006 m o d
007 cr u||||||||||
008 210129p20192019xx o u00| u ger d
037 _5BiblioBoard
245 0 0 _aJuristische Netzwerkforschung
_bModellierung, Quantifizierung und Visualisierung relationaler Daten im Recht /
_cCorinna Coupette.
020 _a9783161570124
029 1 _ahttps://library.biblioboard.com/ext/api/media/371da45d-ee82-4a1f-b98a-d66ac011f5d9/assets/thumbnail.jpg
040 _aScCtBLL
_cScCtBLL
100 1 _aCoupette, Corinna
_eauthor.
264 1 _bMohr Siebeck,
300 _a1 online resource (395 p.)
506 0 _aAccess copy available to the general public.
_fUnrestricted
_2star
520 _a"Legal network science explores how legal phenomena can be represented as networks and investigates what can be gained from their quantification and visualization. Corinna Coupette introduces legal network science to the German legal discourse. Based on an original dataset of decisions by Germany's Federal Constitutional Court, she develops tools for modeling, measuring, and mapping the law. The work includes an online appendix, which is freely available at : https://doi.org/10.1628/978-3-16-157012-4-appendix"
588 0 _aDescription based on print version record.
590 _aKU Open Services
650 7 _aLaw
_2bisacsh
650 0 _aLaw
655 0 _aElectronic books.
758 _iIs found in:
_aKnowledge Unlatched
_1https://openresearchlibrary.org/module/2774bc74-146a-484f-a7ba-ab1d6a09bbfb
856 4 0 _uhttps://openresearchlibrary.org/content/371da45d-ee82-4a1f-b98a-d66ac011f5d9
_zView this content on Open Research Library.
_70
999 _c33678
_d33678